Sports Quiz

Random Sports or Golf Quiz

Ryder Cup (U.S.) Quiz Stats

 Plays Quiz Updated Oct 1, 2018

Score 0/24 Timer 06:00
0 Plays Today
# Appearances Golfer % Correct
8Tiger Woods
99.1%
12Phil Mickelson
87.3%
6Jack Nicklaus
84.1%
6Arnold Palmer
82%
9Jim Furyk
48.5%
7Sam Snead
46.1%
5Zach Johnson
45%
5Fred Couples
43.6%
6Davis Love III
43%
6Lee Trevino
40.1%
5Payne Stewart
35.5%
7Tom Kite
32.8%
# Appearances Golfer % Correct
5Stewart Cink
28.2%
5Walter Hagen
24.9%
8Raymond Floyd
24.2%
5Mark O'Meara
22.3%
5Curtis Strange
22%
6Gene Sarazen
20.7%
5Hale Irwin
20.3%
5Horton Smith
17%
8Billy Casper
14.9%
8Lanny Wadkins
14.2%
7Gene Littler
5%
5Jack Burke, Jr.
3.4%

You're not logged in!

Compare scores with friends on all Sporcle quizzes.
OR
Log In

Sporcle TV

Today on Sporcle TV


Watch our educational content, quiz creation guides, and fun videos on Sporcle TV.

Show Comments

Extras

Top Quizzes Today


Score Distribution

Your Account Isn't Verified!

In order to create a playlist on Sporcle, you need to verify the email address you used during registration. Go to your Sporcle Settings to finish the process.

Report this User

Report this user for behavior that violates our Community Guidelines.

Details: